<?xml version="1.0" encoding="UTF-8"?><?xml-stylesheet type="text/xsl" href="static/style.xsl"?><OAI-PMH xmlns="http://www.openarchives.org/OAI/2.0/" xmlns:xsi="http://www.w3.org/2001/XMLSchema-instance" xsi:schemaLocation="http://www.openarchives.org/OAI/2.0/ http://www.openarchives.org/OAI/2.0/OAI-PMH.xsd"><responseDate>2026-04-14T07:40:32Z</responseDate><request verb="GetRecord" identifier="oai:www.recercat.cat:2117/386160" metadataPrefix="marc">https://recercat.cat/oai/request</request><GetRecord><record><header><identifier>oai:recercat.cat:2117/386160</identifier><datestamp>2025-07-24T18:07:48Z</datestamp><setSpec>com_2072_1033</setSpec><setSpec>col_2072_452951</setSpec></header><metadata><record xmlns="http://www.loc.gov/MARC21/slim" xmlns:dcterms="http://purl.org/dc/terms/" xmlns:xsi="http://www.w3.org/2001/XMLSchema-instance" xmlns:doc="http://www.lyncode.com/xoai" xsi:schemaLocation="http://www.loc.gov/MARC21/slim http://www.loc.gov/standards/marcxml/schema/MARC21slim.xsd">
   <leader>00925njm 22002777a 4500</leader>
   <datafield ind2=" " ind1=" " tag="042">
      <subfield code="a">dc</subfield>
   </datafield>
   <datafield ind2=" " ind1=" " tag="720">
      <subfield code="a">Rayón Ropero, Laura</subfield>
      <subfield code="e">author</subfield>
   </datafield>
   <datafield ind2=" " ind1=" " tag="260">
      <subfield code="c">2023-01-30</subfield>
   </datafield>
   <datafield ind2=" " ind1=" " tag="520">
      <subfield code="a">The data acquisition protocol currently deployed at CERN?s Quench Protection System (QPS), has limited capabilities concerning data delivery. With a prevision of a significant increase in QPS data generation, CERN sections TE-MPE-CB and TE-MPE-EP collaborated in the creation of EDAQ, an ethernet-based data acquisition protocol. This work describes the effort of integrating EDAQ into the CERN Accelerator Controls (as part of the QPS System) by developing a FESA-based application with three objectives: enabling continuous data acquisition, enabling transmission of commands to QPS devices and enabling event-based data acquisition. In order to fulfill these objectives, we mainly worked with the DQAmEth FESA class. Test results show that we achieved the first two objectives. This work also presents the strong base that has been developed for achieving the third objective.</subfield>
   </datafield>
   <datafield ind2=" " ind1=" " tag="520">
      <subfield code="a">El protocolo de adquisición de datos actualmente desplegado en el Sistema de Protección contra 'Quenches' del CERN (QPS), tiene capacidades limitadas con respecto a la transmisión de datos. Previendo un aumento significativo en la generación de datos de dicho sistema, las secciones TE-MPE-CB y TE-MPE-EP del CERN han colaborado ??en la creación de EDAQ, un protocolo de adquisición de datos basado en ethernet. Este trabajo describe el esfuerzo llevado a cabo para integrar EDAQ en el sistema de Control de Aceleradores del CERN (como parte del sistema QPS) mediante el desarrollo de una aplicación, basada en FESA, con tres objetivos: permitir la adquisición continua de datos, permitir la transmisión de comandos a dispositivos QPS y permitir la adquisición de datos basada en eventos. Para cumplir con estos objetivos, hemos trabajado principalmente con la clase de FESA llamada DQAmEth. Los resultados de los tests muestran que cumplimos satisfactoriamente los dos primeros objetivos. Este trabajo también presenta la base sólida desarrollada para poder lograr el tercer objetivo.</subfield>
   </datafield>
   <datafield ind2=" " ind1=" " tag="520">
      <subfield code="a">El protocol d'adquisició de dades desplegat actualment al Sistema de Protecció contra 'Quenches' del CERN (QPS), té capacitats limitades pel que fa a la transmissió de dades. Preveient un augment significatiu de la generació de dades d'aquest sistema, les seccions TE-MPE-CB i TE-MPE-EP del CERN van col·laborar en la creació d'EDAQ, un protocol d'adquisició de dades basat en Ethernet. Aquest treball descriu l'esforç fet per integrar EDAQ al sistema de Control d'Acceleradors del CERN (com a part de QPS) mitjançant el desenvolupament d'una aplicació basada en FESA que té tres objectius: permetre l'adquisició contínua de dades, permetre la transmissió d'ordres als dispositius QPS i permetre l'adquisició de dades basada en esdeveniments. Per tal d'assolir aquests objectius, vam treballar principalment amb la classe de FESA anomenada DQAmEth. Els resultats dels tests mostren que hem assolit els dos primers objectius. Aquest treball també presenta la base sòlida que s'ha desenvolupat per aconseguir el tercer objectiu.</subfield>
   </datafield>
   <datafield tag="653" ind2=" " ind1=" ">
      <subfield code="a">Àrees temàtiques de la UPC::Enginyeria de la telecomunicació::Telemàtica i xarxes d'ordinadors</subfield>
   </datafield>
   <datafield tag="653" ind2=" " ind1=" ">
      <subfield code="a">Ethernet (Local area network system)</subfield>
   </datafield>
   <datafield tag="653" ind2=" " ind1=" ">
      <subfield code="a">Computer programming</subfield>
   </datafield>
   <datafield tag="653" ind2=" " ind1=" ">
      <subfield code="a">CERN</subfield>
   </datafield>
   <datafield tag="653" ind2=" " ind1=" ">
      <subfield code="a">FESA</subfield>
   </datafield>
   <datafield tag="653" ind2=" " ind1=" ">
      <subfield code="a">Ethernet</subfield>
   </datafield>
   <datafield tag="653" ind2=" " ind1=" ">
      <subfield code="a">Programación</subfield>
   </datafield>
   <datafield tag="653" ind2=" " ind1=" ">
      <subfield code="a">Transmisión</subfield>
   </datafield>
   <datafield tag="653" ind2=" " ind1=" ">
      <subfield code="a">Ethernet (Sistema de xarxa d'àrea local)</subfield>
   </datafield>
   <datafield tag="653" ind2=" " ind1=" ">
      <subfield code="a">Programació (Ordinadors)</subfield>
   </datafield>
   <datafield ind2="0" ind1="0" tag="245">
      <subfield code="a">Integration of a new ethernet data acquisition protocol with the CERN Accelerator Controls as part of the Quench Protection System modernization</subfield>
   </datafield>
   <datafield ind2="0" ind1="0" tag="245">
      <subfield code="a">Integración de un nuevo protocolo de transmisión de datos, basado en Ethernet, con el sistema de Control de Aceleradores del CERN, en el contexto de la modernización del Sistema de Protección contra 'Quenches' (QPS)</subfield>
   </datafield>
   <datafield ind2="0" ind1="0" tag="245">
      <subfield code="a">Integració d'un nou protocol d'adquisició de dades, basat en Ethernet, amb el sistema de Control d'Acceleradors del CERN, en el context de la modernització del Sistema de Protecció contra 'Quenches' (QPS).</subfield>
   </datafield>
</record></metadata></record></GetRecord></OAI-PMH>